• 首页
  • 本馆介绍
  • 公告通知
  • 最新文献
  • 馆藏检索
  • 电子资源
  • 读者导购
  • 参考咨询
  • 我的图书馆
  • 登录
  • 详细信息显示
  • 放入我的书架
  • 预约/预借图书
  • 作者相关作品
  • 分类相关作品
  • 丛书相关作品
  • 出版社相关作品

书目信息

  • 表格格式
  • 工作单格式
  • 卡片格式
题名:
景物描写方法
    
 
作者: 师远钟 主编
分册:  
出版信息: 北京   知识出版社  1992
页数: 164页
开本: 19cm
丛书名: 小学生作文方法大观丛书
单 册:
中图分类: G624.24
科图分类:
主题词: 环境描写--小学--教学参考资料
电子资源:
ISBN: 7-5015-0676-0
000 00810cam2 2200265 450
001 0100366073
005 20100909160413.0
010    @a7-5015-0676-0@dCNY2.20
011    @a7-5015-0676-0
100    @a20021005d1992 cemy0chiy0110 ea
101 0  @achi
102    @aCN@b110000
105    @ay z 000yy
106    @ar
200 1  @a景物描写方法@9Jing Wu Miao Xie Fang Fa @f师远钟主编@b专著
210    @a北京@c知识出版社@d1992
215    @a164页@d19cm
225 2  @a小学生作文方法大观丛书
330    @a本书系统地介绍了各种景物的描写方法,以及写景状物上经常使用的各种手法。
410  0 @12001 @a小学生作文方法大观丛书
606 0  @a环境描写@x小学@x教学参考资料
690    @aG624.24@v2
701  0 @a师远钟@9shi yuan zhong@4主编
801  0 @aCN@bAiZhiMarc@c19920825
905    @aBZT@dG624.24@e6@f4@sG624.24/6
    
    景物描写方法/师远钟主编.-北京:知识出版社,1992
    164页;19cm.-(小学生作文方法大观丛书)
    
    
    ISBN 7-5015-0676-0:CNY2.20
    本书系统地介绍了各种景物的描写方法,以及写景状物上经常使用的各种手法。
●
相关链接 在五车中查询图书 在当当中查询图书 在豆瓣中查询图书


正题名:景物描写方法     索取号:G624.24/6         预约/预借

序号 登录号 条形码 馆藏地/架位号 状态 备注
1 2000041071   2000041071   旧书回溯/ [索取号:G624.24/6] 在馆    
2 2000041072   2000041072   旧书回溯/ [索取号:G624.24/6] 在馆    
3 2000041073   2000041073   旧书回溯/ [索取号:G624.24/6] 在馆    
4 2000041074   2000041074   旧书回溯/ [索取号:G624.24/6] 在馆    
山东省滨州职业学院图书馆 欢迎您!
大连网信软件有限公司© 版权所有